000 00444nam a2200181Ia 4500
008 240925s9999 xx 000 0 und d
020 _aNA
082 _a658.408 SIM
100 _aKamal, Semies
245 0 _aProject ka intezam ke amle ketab
250 _aNA
260 _aPakistan:
_bShameem printing press
_c,1991.
300 _a122p.
_bNA
_fNA
500 _aIncludes Index
600 _aManagement
650 _aManagement
942 _cBK
999 _c4485
_d4485